Filozof a politik T.G. Masaryk 1882-1893 Příspěvek k životopisu
Salvato in:
| Autore principale: | |
|---|---|
| Natura: | Libro |
| Lingua: | ceco |
| Pubblicazione: |
Praha
Melantrich
1990
|
| Edizione: | 1. vyd. |
| Tags: |
Nessun Tag, puoi essere il primo ad aggiungerne!!
|
MARC
| LEADER | 00000nam a2200000 4500 | ||
|---|---|---|---|
| 001 | c039888 | ||
| 005 | 20221215115949.9 | ||
| 041 | 0 | |a cze | |
| 044 | |a CZ | ||
| 245 | 1 | 0 | |a Filozof a politik T.G. Masaryk 1882-1893 |b Příspěvek k životopisu |c Jaroslav Opat |
| 250 | |a 1. vyd. | ||
| 264 | 1 | |a Praha |b Melantrich |c 1990 | |
| 300 | |a 469 s. | ||
| 100 | 1 | |a Opat, Jaroslav | |